| 000 | 007790000a22002890004500 | ||
|---|---|---|---|
| 500 | _aBibliography: p.132-145 | ||
| 650 | _aPopulation | ||
| 650 | _aPopulation projections | ||
| 650 | _apopulation research | ||
| 650 | _aDemography | ||
| 650 | _aPopulation dynamics | ||
| 650 | _aIrrigation | ||
| 650 | _aBirth control | ||
| 650 | _aRural development | ||
| 650 | _aLand reform | ||
| 082 |
_a304.6091724 _bOb2a _cT |
||
| 518 | _a980820 | ||
| 530 | _aM | ||
| 100 | _aOberai, A. S. | ||
| 245 | _aAssessing the demographic impact of development projects; conceptual methodological and policy issues | ||
| 020 | _a0-415-06841-x | ||
| 260 |
_aLondon _bRoutledge, Great Britain |
||
| 260 | _c1992 | ||
| 041 | _aEng | ||
| 300 |
_axiii,143p. _billus |
||
| 942 | _cGEN | ||
| 999 |
_c15509 _d15509 |
||